01513nam a2200373 i 450000100060000000300090000600500170001500800400003202000180007202000290009004000360011904100130015504600090016808000110017708000100018824501660019824600370036426000400040130000640044138000160050538000230052138800100054450000620055452101810061665000390079765500130083665800280084970000270087770000350090470000350093970000470097471000200102185600980104149186KOSZ 00520220426132018.0091203s2009 pl a f f |000 0 pol  a9788371418457 a9788371418464q(dodatek) cKOSZ 005aKOSZ 005dKOSZ 005/HR1 apolhger k2008 a621.01 a(083)00aPoradnik mechanika /cUlrich Fischer [et al.] ; oprac. merytoryczne wersji pol.: Joachim Potrykus ; [tł.: Joachim Potrykus, Zbigniew Smalec, Eugeniusz Wnuczak].1 iTyt. oryg.:aTabellenbuch Metall aWarszawa :bWydawnictwo REA,c2009. a422 s. :bil. ;c22 cm +ePoradnik mechanika. Wzory : 48 s. aKsiążki aPublikacje fachowe a2001- aNa okł. i s. tyt. nazwa wydawcy oryg.: Europa Lehmittel.8 aDla konstruktorów, technologów, mechaników zajmujących się budową maszyn i urządzeń, dla specjalistów z innych dzidzin, a także dla uczniów i studentów. 9a Konstrukcja maszyn i urządzeń aPoradnik aInżynieria i technika1 aFischer, UlricheAutor1 aPotrykus, JoachimeOpracowanie1 aSmalec, ZbignieweTłumaczenie1 aWnuczak, Eugeniuszd(1929- )eTłumaczenie2 aWydawnictwo Rea uhttp://koha.tu.koszalin.pl/cgi-bin/koha/opac-detail.pl?biblionumber=49186yKatalog online BPK